Quizzes
Events
Quiz Creation
Community
Videos
Private Events
Remove Ads
Sign In
Join for FREE
Feedback
Dark Mode
Quiz Categories
Sports
Geography
Music
Movies
Television
Just For Fun
Miscellaneous
History
Literature
Language
Science
Gaming
Entertainment
Religion
Holiday
For Kids
Quiz Lab
Recent
Popular Today
Quiz Kudos Today
Editor Picks
Curator Picks
Quizzes by...
Day
Popularity
Type
Ratings
Length
Year
Community
Subscriptions
Recent Discussions
Orange Saloon
Badges
Playlists
Quests
Create
Leaderboards
Showdown
Live 5
Trivia Bingo
Activity
Puzzle Library
Sporcle Events
Private Events
Virtual Trivia
Globe League
Become a Host
Pub Owners
SporcleCon
Opinionation
Our Games
Videos
Blog
Mobile Apps
Partnerships
Remove Ads and Go Orange
Feedback
History
US Presidents
World Leaders
Politics
Nation
Discovery
War
Decade
Year
Century
Biography
Art
History
US Presidents
World Leaders
Politics
Nation
Discovery
War
Decade
Year
Century
Biography
Art
Random Quiz
Search Sporcle
×
Quiz Lab
Quiz Lab
History
Famous
Type in answers that appear in a list
Type in answers that appear in a list
Classic
Best Score? Go Orange.
Lesser-Known Predecessors Stats
Can you name the people who held office before these famous leaders?
By
Sesel
8m
19 Questions
72 Plays
72 Plays
72 Plays
Comments
Comments
Give Quiz Kudos
Give Quiz Kudos
-
- Ratings
hide this ad
Random Order
Randomize order of answers
Randomize order of answers
Replay
Link that replays current quiz
Next Quiz
Link to next quiz in quiz playlist
You Got
0%
They Got
Avg Score
18%
Avg Friend Score
Upgrade to see
Score Distribution
Jump to the score distribution portion of the page
Score
0/19
Timer
08:00
0
Plays Today
Leader
Predecessor
% Correct
Abraham Lincoln
James Buchanan
77.8%
Mikhail Gorbachev
Konstantin Chernenko
45.8%
Margaret Thatcher
James Callaghan
43.1%
Catherine II the Great
Peter III
36.1%
Vladimir Lenin
Alexander Kerensky
26.4%
Wilhelm II
Frederick III
20.8%
Robert Mugabe
Canaan Banana
15.3%
Mobutu Sese Seko
Joseph Kasavubu
11.1%
Saddam Hussein
Ahmad Hassan al-Bakr
9.7%
Haile Selassie
Zauditu
8.3%
Leader
Predecessor
% Correct
Gamal Abdel Nasser
Muhammad Naguib
8.3%
Hussein
Talal
8.3%
Adolf Hitler
Kurt von Schleicher
6.9%
Hendrik F. Verwoerd
Johannes G. Strijdom
5.6%
Porfirio Díaz
Sebastián Lerdo de Tejada
4.2%
Ferdinand E. Marcos
Diosdado Macapagal
4.2%
Benito Mussolini
Luigi Facta
4.2%
Hugo Chávez
Rafael Caldera
4.2%
Meiji
Kōmei
2.8%
Quiz Playlist
Details
Report
Send in Message
Add To Playlist
Classic:
Type in answers that appear in a list
Random Order:
Randomize order of answers
Last Updated: Feb 16, 2017
Quiz Scoreboard
CHALLENGE
Sign Up to Join the Scoreboard
Show All
Scores
Hide
Comments
May contain spoilers
Recently Published
Movies - When Are They Set?
by FPL_Elf
Movies
5m
Popular People in 1961
by mucciniale
History
6m
1-10 Letter E Words III
by El_Dandy
Language
2m
More to Explore
Quiz From the Vault
Featured Blog Post
Where Did the Easter Bunny Come From?
hide this ad
You Might Also Like...
Tags
Famous Quiz
before
Lesser-known
office
Predecessor
Today's Top Quizzes in History
Browse History
hide this ad
Today's Top Quizzes in Famous
Browse Famous
Top Contributed Quizzes in History
1
Popular People in 1991
2
Popular People in 1981
3
Popular People in 1951
4
Popular People in 1941
5
Popular People in 1986
6
Popular People in 1976
7
Popular People in 1921
8
I Am Born On March 28th
9
Popular People in 1946
10
Popular People in 1936
Explore More
Trending Topics
Disney
Kpop
Anime
Harry Potter
NBA
Marvel
Crossword
Soccer
WWE
Country
Song
Puzzle
Pokémon
The Office
NFL
hide this ad
More By:
Sesel
Quiz
Plays
Rating
Category
Featured
Created
100 Greatest Baseball Players
37,041
4.39
Sports
Oct 6, 2009
Top 100 Pitchers
8,337
4.42
Sports
Nov 28, 2009
Minnesota's 200 Largest Cities
3,420
5.00
Geography
Nov 7, 2010
Italian Prime Ministers
3,265
4.78
Geography
Sep 26, 2009
Twins Opening Day Lineups
3,094
4.33
Sports
Sep 30, 2009
Go to Creator's Profile
Score Distribution
Quiz Creator Spotlight
Sesel
Follow
Send a Message
Quizzes Created
-
Created Quiz Play Count
-
More By This Creator
Popular Quizzes Today
1
Find the Countries of Europe - No Outlines Minefield
2
Find the US States - No Outlines Minefield
3
The Countries of the World
4
Popular People in 1961
5
US States
6
1-10 Letter E Words III
7
Find the US States
8
One Thing in Common: World Cities II
More History Quizzes
Timeline Blitz: Roman Emperors
Published
Trending Quizzes
Risky Map Clicking: Least Populous States A-Z
1-10 Letter F Words
Humor Books: The Subtitles
1-10 Letter G Words
One Thing in Common: United Kingdom
Recently Updated
Leaping Animals
pecheneg
Reality TV Shows (A-Z)
bhenderson79
Rickey Henderson's Hall of Fame Teammates
pecheneg
Champions League XIs: Arsenal
pecheneg
Quick Pick: Celebrities in WWE's Hall of Fame
aduchscher
A-Z Keypad Blitz II
pecheneg
Multiple Oscar Actors
pecheneg
Mystery Phrase Blitz: Oscar 'Best Actors'
pecheneg
F. Scott Fitzgerald Novels
LTH
Pick 3 Villains
ddd62291
Trending Topics
Harry Potter
Kpop
Anime
Marvel
NBA
Disney
Crossword
Puzzle
Soccer
Song
NFL
Pokémon
The Office
WWE
Country
Your Account Isn't Verified!
In order to create a playlist on Sporcle, you need to verify the email address you used during registration. Go to your
Sporcle Settings
to finish the process.
Report this User
Report this user for behavior that violates our
Community Guidelines
.
Details:
Send Report
Go to the Sporcle.com Mobile Site →
Comments